[Event "AUTO-MASTER-1179"]
[Site "http://www.queenalice.com/game.php?id=809774"]
[Date "2010.7.28"]
[Round "1"]
[White "arauca"]
[Black "merth"]
[Result "0-1"]
[WhiteElo "2196"]
[BlackElo "2290"]

1. e4 e5 2. Nf3 Nf6 3. Nc3 Nc6 4. Bb5 Bc5 5. Nxe5 Bxf2+ 6. Kxf2 Nxe5 7. d4 Ng6
8. e5 c6 9. exf6 Qxf6+ 10. Qf3 Qxf3+ 11. gxf3 cxb5 12. Nxb5 O-O 13. Nd6 f6 14.
h4 Nh8 15. Bf4 b6 16. Rae1 Ba6 17. Re7 Ng6 18. Bg3 Nxe7 0-1

[Event "AUTO-MASTER-1179"]
[Site "http://www.queenalice.com/game.php?id=809775"]
[Date "2010.7.28"]
[Round "1"]
[White "merth"]
[Black "arauca"]
[Result "1-0"]
[WhiteElo "2328"]
[BlackElo "2187"]

1. e4 d5 2. exd5 Nf6 3. Bb5+ Bd7 4. Bc4 Bg4 5. Nf3 Nxd5 6. Nc3 e6 7. O-O Be7 8.
h3 Bh5 9. Nxd5 exd5 10. Be2 O-O 11. c3 c5 12. d4 Nc6 13. Be3 c4 14. b3 b5 15.
Re1 Bf6 16. a4 a6 17. Bf4 h6 18. Ne5 Bxe2 19. Qxe2 Bxe5 20. dxe5 Qe7 21. bxc4
dxc4 22. Qe4 Rac8 23. axb5 axb5 24. Rab1 b4 25. Qxc4 Nxe5 26. Qb3 Rxc3 27. Qd5
1-0

[Event "AUTO-MASTER-1193"]
[Site "http://www.queenalice.com/game.php?id=819602"]
[Date "2010.8.17"]
[Round "1"]
[White "ylisavbots"]
[Black "arauca"]
[Result "0-1"]
[WhiteElo "2287"]
[BlackElo "2194"]

1. d4 Nf6 2. c4 g6 3. Nc3 d5 4. e3 Bg7 5. Qb3 e6 6. Nf3 O-O 7. Ne5 b6 8. Bd2 Bb7
9. c5 Nfd7 10. f4 c6 11. a4 Qc7 12. cxb6 axb6 13. Be2 f6 14. Nxd7 Nxd7 15. O-O
e5 16. dxe5 fxe5 17. e4 Nc5 18. Qa2 Kh8 19. exd5 cxd5 20. b4 d4 21. Nb5 Qc6 22.
Bf3 e4 23. bxc5 exf3 24. gxf3 Qxc5 25. Kg2 Qh5 26. h3 Rae8 27. Rae1 Rxe1 28.
Bxe1 Rxf4 29. Qe2 Be5 30. Bg3 Qg5 31. Nxd4 Re4 0-1

[Event "AUTO-MASTER-1193"]
[Site "http://www.queenalice.com/game.php?id=819603"]
[Date "2010.8.17"]
[Round "1"]
[White "arauca"]
[Black "ylisavbots"]
[Result "1-0"]
[WhiteElo "2224"]
[BlackElo "2217"]

1. e4 c6 2. d4 d5 3. e5 Bf5 4. Be3 e6 5. Nd2 Nd7 6. Ngf3 Qa5 7. Nh4 Ne7 8. f4
Be4 9. c3 Nf5 10. Nxe4 Nxe3 11. Qe2 Nxf1 12. Nf2 Nxh2 13. Rxh2 c5 14. Kf1 O-O-O
15. Nd3 c4 16. Nc1 b5 17. g3 Be7 18. Qc2 f5 19. b3 g6 20. a4 Nb6 21. Qb2 cxb3
22. Nxb3 Qa6 23. Nc5 Bxc5 24. axb5 Ba3 25. Qb3 Qb7 26. Rxa3 Qg7 27. Rha2 Rd7 28.
Qb4 Kb8 29. Ra6 Qe7 30. Qa5 Nc4 31. Qa4 Rb7 32. Nf3 h6 33. Ne1 Nb6 34. Qa5 Nc4
35. Qa4 g5 36. Nd3 gxf4 37. Nb4 Ne3+ 38. Ke2 Qg5 39. Rxa7 Qg4+ 40. Kd2 Nc4+ 41.
Kc1 Rhh7 42. Na6+ 1-0

[Event "AUTO-MASTER-1193"]
[Site "http://www.queenalice.com/game.php?id=819614"]
[Date "2010.8.17"]
[Round "1"]
[White "Eduarte"]
[Black "arauca"]
[Result "0-1"]
[WhiteElo "1958"]
[BlackElo "2189"]

1. d4 Nf6 2. c4 g6 3. Nc3 d5 4. e3 Bg7 5. Nf3 O-O 6. Be2 c5 7. O-O cxd4 8. Nxd4
dxc4 9. Bxc4 Qc7 10. Bb3 a6 11. Bd2 e5 12. Nf3 e4 13. Nd4 Nc6 14. Nxc6 Qxc6 15.
Rc1 Qd6 16. Qc2 Ng4 17. g3 Bf5 18. Rfd1 Rac8 19. Be1 Qf6 20. Qe2 Ne5 21. Nd5
Nf3+ 22. Kh1 Qg5 23. Qf1 Bg4 24. Nf4 Be5 0-1

[Event "AUTO-MASTER-1193"]
[Site "http://www.queenalice.com/game.php?id=819615"]
[Date "2010.8.17"]
[Round "1"]
[White "arauca"]
[Black "Eduarte"]
[Result "1-0"]
[WhiteElo "2183"]
[BlackElo "1971"]

1. e4 c5 2. c3 Nc6 3. d4 cxd4 4. cxd4 d5 5. exd5 Qxd5 6. Nf3 Bg4 7. Be2 O-O-O 8.
Nc3 Qh5 9. O-O e6 10. h3 Nf6 11. hxg4 Nxg4 12. Bf4 g5 13. Nxg5 f5 14. Nxe6 Bd6
15. Bxg4 fxg4 16. Nxd8 Bxf4 17. g3 Rxd8 18. Ne2 Bc7 19. Rc1 Rd6 20. Nf4 Qg5 21.
Rc5 1-0

[Event "AUTO-MASTER-1193"]
[Site "http://www.queenalice.com/game.php?id=819622"]
[Date "2010.8.17"]
[Round "1"]
[White "arauca"]
[Black "killtochess"]
[Result "1-0"]
[WhiteElo "2223"]
[BlackElo "2088"]

1. e4 e5 2. Nf3 Nc6 3. Nc3 Nf6 4. Bb5 Nd4 5. Bc4 Nxf3+ 6. Qxf3 Bc5 7. d3 d6 8.
Bg5 c6 9. O-O h6 10. Be3 Bxe3 11. fxe3 O-O 12. Kh1 Be6 13. Bb3 Qd7 14. h3 b5 15.
d4 Bxb3 16. axb3 Qe7 17. b4 a6 18. Ra5 Qc7 19. Rfa1 Qb7 20. d5 c5 21. bxc5 dxc5
22. Ne2 Rfd8 23. g4 Nh7 24. h4 Qe7 25. Qh3 c4 26. Rxa6 Rxa6 27. Rxa6 Nf6 28. Qf3
Nd7 29. g5 hxg5 30. h5 Rb8 31. h6 g6 32. Ra7 Qf6 33. Ng1 Qxf3+ 34. Nxf3 g4 35.
Ng5 Nf6 36. Rxf7 1-0

[Event "AUTO-MASTER-1193"]
[Site "http://www.queenalice.com/game.php?id=819623"]
[Date "2010.8.17"]
[Round "1"]
[White "killtochess"]
[Black "arauca"]
[Result "1-0"]
[WhiteElo "2126"]
[BlackElo "2236"]

1. e4 d5 2. exd5 Nf6 3. d4 Nxd5 4. c4 Nb6 5. Nc3 g6 6. Be3 Bg7 7. Nf3 O-O 8. Qd2
Nc6 9. d5 Ne5 10. Nxe5 Bxe5 11. O-O-O c6 12. dxc6 Qxd2+ 13. Bxd2 bxc6 14. f4 Bg7
15. Be2 h5 16. b3 a5 17. Be3 Nxc4 18. Bxc4 Bxc3 19. Bc5 Bf6 20. Rhe1 Re8 21. Rd6
e6 22. g3 Ba6 23. Bxa6 Rxa6 24. Bd4 Kg7 25. Bxf6+ Kxf6 26. Re5 a4 27. b4 Ke7 28.
Rd4 Rb8 29. a3 Rb5 30. Re3 c5 31. bxc5 Rxc5+ 32. Kd2 Rb5 33. Rb4 Rxb4 34. axb4
a3 35. Re1 a2 36. Ra1 Kd6 37. Kc3 Kd5 38. b5 Ra8 39. Kb4 Kd6 40. h3 Kd5 41. Rd1+
Ke4 42. Ra1 Kf3 43. b6 Kxg3 44. Kb5 Kxf4 45. b7 Rb8 46. Kb6 g5 47. Rxa2 f5 48.
Kc7 Rxb7+ 49. Kxb7 g4 50. Kc6 g3 51. Kd6 e5 52. Kd5 h4 53. Rb2 e4 54. Kd4 Kf3
55. Rb3+ Kg2 56. Ke5 Kh2 57. Kxf5 g2 58. Rb1 Kxh3 59. Kf4 g1=Q 60. Rxg1 Kh2 61.
Ra1 Kg2 62. Ra2+ Kh3 63. Kxe4 Kg3 64. Ra3+ Kg2 65. Kf4 h3 66. Ra2+ 1-0

[Event "QA-ANNIV-06"]
[Site "http://www.queenalice.com/game.php?id=837003"]
[Date "2010.9.23"]
[Round "2"]
[White "arauca"]
[Black "swddd"]
[Result "1-0"]
[WhiteElo "2230"]
[BlackElo "1503"]

1. e4 e6 2. d4 d5 3. Nd2 dxe4 4. Nxe4 Qd5 5. Bd3 f5 6. c4 Qc6 7. Ng3 Qxg2 8. Nf3
Bb4+ 9. Ke2 Bd7 10. Rg1 Qh3 11. a3 Be7 12. Qb3 b6 13. Bf4 Nc6 14. d5 Na5 15. Qc2
Bf6 16. Bxc7 Ne7 17. Be5 exd5 18. Bxf6 gxf6 19. Rae1 dxc4 20. Bxc4 O-O-O 21.
Ba6+ Kb8 22. Rc1 Rhe8 23. Nf1 f4 24. Qc7+ Ka8 25. Ne3 Nd5 26. b4 Nxc7 27. Rxc7
Nb3 28. Rg7 fxe3 29. fxe3 Bb5+ 30. Bxb5 Rd2+ 31. Nxd2 1-0

[Event "QA-ANNIV-05"]
[Site "http://www.queenalice.com/game.php?id=841334"]
[Date "2010.10.3"]
[Round "6"]
[White "arauca"]
[Black "majersesc"]
[Result "0-1"]
[WhiteElo "2231"]
[BlackElo "2232"]

1. e4 c6 2. d4 d5 3. exd5 cxd5 4. Nf3 Nc6 5. Bb5 Bd7 6. O-O e6 7. Re1 Nf6 8. c4
Be7 9. Bxc6 Bxc6 10. c5 O-O 11. Nc3 Ne4 12. Qd3 Qa5 13. Bd2 Qc7 14. b4 Nxc3 15.
Bxc3 Ba4 16. Ne5 a6 17. g3 Rfc8 18. f4 b6 19. f5 bxc5 20. dxc5 a5 21. a3 Be8 22.
Ng4 exf5 23. Qxf5 axb4 24. axb4 Bxc5+ 25. Kg2 d4 26. Rxa8 Rxa8 27. Qxc5 Qxc5 28.
bxc5 dxc3 29. Rc1 Ra3 30. Kf2 Ba4 31. Ne3 c2 32. Ke2 Rc3 33. Kd2 Rxc5 34. Ra1 f5
35. Kc1 Bc6 36. Ra6 Be4 37. Rb6 Rc3 38. Nf1 Ra3 0-1

[Event "CesarLMarques"]
[Site "http://www.queenalice.com/game.php?id=852691"]
[Date "2010.10.31"]
[Round "5"]
[White "arauca"]
[Black "Whitecharger"]
[Result "0-1"]
[WhiteElo "2219"]
[BlackElo "2417"]

1. e4 e6 2. d4 d5 3. Nd2 Nf6 4. e5 Nfd7 5. f4 c5 6. Ngf3 Nc6 7. Nb3 c4 8. Nbd2
b5 9. Be2 Ba6 10. Nf1 Qa5+ 11. Bd2 b4 12. c3 Nb6 13. Ne3 Na4 14. Qc2 Rb8 15. O-O
bxc3 16. Bxc3 Bb4 17. Rab1 Bxc3 18. bxc3 Rxb1 19. Rxb1 Nxc3 20. Rc1 Nxa2 21. Ra1
Qc3 22. Qxc3 Nxc3 23. Rxa6 Nxe2+ 24. Kf2 Nexd4 25. Nxd4 Nxd4 26. Rxa7 O-O 27. f5
Nc6 0-1

[Event "AUTO-MASTER-1109"]
[Site "http://www.queenalice.com/game.php?id=855546"]
[Date "2010.11.6"]
[Round "2"]
[White "arauca"]
[Black "priit57"]
[Result "0-1"]
[WhiteElo "2216"]
[BlackElo "2432"]

1. e4 c5 2. c3 Nf6 3. e5 Nd5 4. d4 cxd4 5. Qxd4 e6 6. Nf3 Nc6 7. Qe4 f5 8. Qe2
Qc7 9. g3 d6 10. exd6 Bxd6 11. Bg2 O-O 12. Na3 Bxa3 13. bxa3 Nd4 14. cxd4 Qc3+
15. Qd2 Qxa1 16. O-O Bd7 17. Ne5 Bb5 18. Re1 Rfc8 19. a4 Bxa4 20. Bb2 Qxa2 21.
Ra1 Rc2 0-1

[Event "AUTO-MASTER-1109"]
[Site "http://www.queenalice.com/game.php?id=855547"]
[Date "2010.11.6"]
[Round "2"]
[White "priit57"]
[Black "arauca"]
[Result "1-0"]
[WhiteElo "2433"]
[BlackElo "2237"]

1. e4 d5 2. e5 c5 3. f4 Nc6 4. Nf3 Bg4 5. Be2 e6 6. O-O Nh6 7. c3 Nf5 8. Na3 Be7
9. Nc2 a6 10. d3 b5 11. Ne3 Nxe3 12. Bxe3 O-O 13. Nd2 Bxe2 14. Qxe2 b4 15. Nb3
Qb6 16. Qf2 d4 17. cxd4 cxd4 18. Nxd4 Nxd4 19. Bxd4 Qb5 20. Qe3 Rad8 21. Rfc1
Rd5 22. Rc4 Rfd8 23. Rac1 g6 24. Qf2 Kg7 25. g4 R8d7 26. f5 Kg8 27. fxe6 fxe6
28. Rf1 1-0

[Event "AUTO-MASTER-1109"]
[Site "http://www.queenalice.com/game.php?id=855548"]
[Date "2010.11.6"]
[Round "2"]
[White "arauca"]
[Black "BEBADO"]
[Result "0-1"]
[WhiteElo "2231"]
[BlackElo "2197"]

1. e4 c5 2. c3 Nf6 3. e5 Nd5 4. d4 cxd4 5. Qxd4 e6 6. Nf3 Nc6 7. Qe4 f5 8. Qe2
d6 9. g3 dxe5 10. Nxe5 Nxe5 11. Qxe5 Qd6 12. Qxd6 Bxd6 13. Bg2 Bd7 14. O-O Kf7
15. Nd2 Bc6 16. Nc4 Bc7 17. Re1 Rhe8 18. Ne5+ Bxe5 19. Rxe5 Ne7 20. Be3 Bxg2 21.
Kxg2 Nc6 22. Rb5 b6 23. f4 Rad8 24. Re1 Rd5 25. Rxd5 exd5 0-1

[Event "AUTO-MASTER-1109"]
[Site "http://www.queenalice.com/game.php?id=855549"]
[Date "2010.11.6"]
[Round "2"]
[White "BEBADO"]
[Black "arauca"]
[Result "1-0"]
[WhiteElo "2210"]
[BlackElo "2218"]

1. e4 d5 2. exd5 Nf6 3. d4 Nxd5 4. c4 Nb6 5. Nc3 g6 6. Nf3 Bg7 7. Be2 O-O 8. Be3
Nc6 9. h3 e5 10. d5 Ne7 11. Qd2 Nf5 12. Bc5 Re8 13. g4 Nd6 14. b3 f5 15. gxf5
Bxf5 16. O-O-O a5 17. Ng5 a4 18. Bxb6 cxb6 19. Nxa4 Rxa4 20. bxa4 1-0